000 00680nam a2200241Ia 4500
003 OSt
005 20220923221853.0
006 a|||||r|||| 00| 0
007 ta
008 220922b |||||||| |||| 00| 0 hin d
024 _a200,678
037 _cTextual
040 _aARTS
_cARTS
_bhin
041 _2hin
_ahin
082 _aV2:25xM69j, 152K9
100 _aबिनोबा
245 0 _aतीसरी शक्ति
246 _aTīsarī shakti
260 _c1973
490 _aगांधी जन्म शताब्दी संस्करण
942 _hV2:25xM69j, 152K9
_cTEXL
_2CC
999 _c352350
_d352350